Matemática 5º básico: texto del estudiante.

Uloženo v:
Podrobná bibliografie
Hlavní autoři: Kheong, Fong Ho (Autor), Soon, Gan Kee (Autor), Ramakrishnan, Chelvi (Autor)
Médium: Kniha
Vydáno: Santiago, Chile: Santillana del Pacífico, 2017.
Témata:
Tagy: Přidat tag
Žádné tagy, Buďte první, kdo vytvoří štítek k tomuto záznamu!

MARC

LEADER 00000cam a2200000 a 4500
001 UCD9893
003 CL-VaPUC
005 20240705074027.0
008 220928t2017 ||||| |||| 00| 0 eng d
999 |c 368905  |d 368903 
020 |a 978-956-15-3028-7 
040 |c Pontificia Universidad Católica de Valparaíso 
082 0 4 |a 372.7 KHE 2017  |2 21 
100 |a Kheong, Fong Ho  |e author  |9 593788 
245 1 0 |a Matemática 5º básico: texto del estudiante. 
260 |a Santiago, Chile:  |b Santillana del Pacífico,  |c 2017. 
300 |a 360 páginas. 
500 |a C.2. Donación Bib. Educación a Bib. Matemática. Sin memo 26/09/2022 
583 |a last modification  |c 20170709 17:01:00  |k Rodrigo Vera 
650 0 |a Matemáticas  |x Enseñanza  |9 875527 
650 0 |a Educación básica   |9 224933 
650 0 |a Textos escolares  |9 382843 
650 0 |a Libros de texto  |9 270019 
700 0 |a Soon, Gan Kee  |e author  |9 593733 
700 0 |a Ramakrishnan, Chelvi  |e author  |9 593734 
942 |c BK  |2 ddc 
945 |d 20170709 17:01:00  |a arojas 
952 |0 0  |1 0  |3 erb  |4 0  |6 372_700000000000000_KHE_2017  |7 0  |8 A  |9 484380  |a BIBEDU  |b BIBEDU  |i 5405599  |l 2  |o 372.7 KHE 2017  |p 5405599  |r 2024-06-12  |s 2024-06-12  |w 2019-11-24  |y BK  |z Catalogado en:20170709  |k EPE 
952 |0 0  |1 0  |2 ddc  |4 0  |6 372_700000000000000_KHE_2017  |7 0  |8 A  |9 586917  |a BIBMAT  |b BIBMAT  |c E_DIDACT  |d 2022-09-28  |e Donación  |i 5654860  |o 372.7 KHE 2017  |p 5654860  |r 2025-01-07  |t 2  |w 2022-09-28  |y BK  |k MAT